000
00300 a2200145 4500
001
181507
020
_a
040
_c
Magnum
100
_a
White, John (Org.)
240
1
0
_a
Iluminacao interior
_l
por
245
1
0
_a
Iluminacao interior
362
0
_a
1899
697
_a
MAGNITO: GERAL
942
_c
BK
999
_c
181507
_d
181507